Les 20 villes les plus peuplées de Bourgogne de 1806 à 2023 - Statistiques

Statistiques générales
  • Ce quiz a été pris 69 fois
  • Le résultat moyen est 102 sur 160
Statistiques - réponses
Hint Réponse % Correct
1806 Dijon 22 026
98%
1846 Dijon 30 026
98%
1876 Dijon 47 939
98%
1911 Dijon 76 847
98%
1936 Dijon 96 374
98%
1968 Dijon 145 357
98%
1999 Dijon 149 867
98%
2023 Dijon 161 830
98%
1806 Chalon-sur-Saône 11 204
97%
1846 Chalon-sur-Saône 19 878
97%
1876 Chalon-sur-Saône 22 466
97%
1911 Chalon-sur-Saône 33 738
97%
1936 Chalon-sur-Saône 35 890
97%
1968 Chalon-sur-Saône 50 589
97%
1999 Chalon-sur-Saône 50 124
97%
2023 Chalon-sur-Saône 45 102
97%
1806 Mâcon 11 603
97%
1846 Mâcon 15 112
97%
1876 Mâcon 19 326
97%
1911 Mâcon 21 203
97%
1936 Mâcon 20 864
97%
1968 Mâcon 34 227
97%
1999 Mâcon 34 469
97%
2023 Mâcon 35 177
97%
1806 Auxerre 12 044
95%
1846 Auxerre 13 968
95%
1876 Auxerre 16 611
95%
1911 Auxerre 22 205
95%
1936 Auxerre 24 522
95%
1968 Auxerre 36 063
95%
1999 Auxerre 37 790
95%
2023 Auxerre 35 097
95%
1806 Beaune 9 298
91%
1846 Beaune 11 643
91%
1876 Beaune 11 421
91%
1911 Beaune 13 409
91%
1936 Beaune 12 161
91%
1968 Beaune 16 874
91%
1999 Beaune 21 923
91%
2023 Beaune 20 352
91%
1806 Nevers 12 077
90%
1846 Nevers 16 721
90%
1876 Nevers 22 704
90%
1911 Nevers 27 706
90%
1936 Nevers 33 740
90%
1968 Nevers 42 422
90%
1999 Nevers 40 932
90%
2023 Nevers 33 085
90%
1806 Autun 9 400
86%
1846 Autun 11 637
86%
1876 Autun 14 147
86%
1911 Autun 16 776
86%
1936 Autun 16 107
86%
1968 Autun 20 286
86%
1999 Autun 16 419
86%
2023 Autun 13 172
86%
1806 Sens 8 675
83%
1846 Sens 10 525
83%
1876 Sens 12 414
83%
1911 Sens 15 077
83%
1936 Sens 17 783
83%
1968 Sens 23 035
83%
1999 Sens 26 118
83%
2023 Sens 27 106
83%
1846 Le Creusot 6 303
72%
1876 Le Creusot 26 432
72%
1911 Le Creusot 35 587
72%
1936 Le Creusot 29 417
72%
1968 Le Creusot 34 102
72%
1999 Le Creusot 26 283
72%
2023 Le Creusot 20 509
72%
1876 Montceau-les-Mines 11 011
66%
1911 Montceau-les-Mines 26 830
66%
1936 Montceau-les-Mines 26 902
66%
1968 Montceau-les-Mines 27 421
66%
1999 Montceau-les-Mines 20 634
66%
2023 Montceau-les-Mines 17 064
66%
1806 Avallon 5 483
57%
1846 Avallon 5 745
57%
1876 Avallon 5 930
57%
1911 Avallon 5 900
57%
1936 Avallon 5 848
57%
1806 Cosne-Cours-sur-Loire 5 321
57%
1846 Cosne-Cours-sur-Loire 6 598
57%
1876 Cosne-Cours-sur-Loire 7 741
57%
1911 Cosne-Cours-sur-Loire 9 540
57%
1936 Cosne-Cours-sur-Loire 8 533
57%
1968 Cosne-Cours-sur-Loire 10 588
57%
1999 Cosne-Cours-sur-Loire 11 399
57%
2023 Cosne-Cours-sur-Loire 9 733
57%
1806 Joigny 5 176
55%
1846 Joigny 6 787
55%
1876 Joigny 6 317
55%
1911 Joigny 6 172
55%
1936 Joigny 7 143
55%
1968 Joigny 9 698
55%
1999 Joigny 10 032
55%
2023 Joigny 9 016
55%
1968 Chenôve 17 155
53%
1999 Chenôve 16 257
53%
2023 Chenôve 14 244
53%
1876 Louhans 5 657
53%
1911 Louhans 6 109
53%
1936 Louhans 5 824
53%
1806 Tonnerre 4 190
52%
1846 Tonnerre 4 427
52%
1876 Tonnerre 5 536
52%
1806 Tournus 5 351
48%
1846 Tournus 5 270
48%
1876 Tournus 5 527
48%
1911 Digoin 7 006
45%
1936 Digoin 7 089
45%
1968 Digoin 10 050
45%
1999 Talant 12 176
45%
2023 Talant 11 896
45%
1806 Clamecy 5 335
43%
1846 Clamecy 6 108
43%
1876 Clamecy 5 432
43%
1936 Clamecy 5 871
43%
1968 Gueugnon 9 268
43%
1936 Paray-le-Monial 7 794
43%
1968 Paray-le-Monial 10 716
43%
1999 Paray-le-Monial 9 191
43%
2023 Paray-le-Monial 9 291
43%
1806 Semur-en-Auxois 5 065
43%
1999 Quetigny 9 410
41%
2023 Quetigny 8 971
41%
1806 Cluny 4 081
38%
1846 Cluny 4 350
38%
1968 Decize 7 175
36%
2023 Fontaine-lès-Dijon 9 252
36%
1806 La Charité-sur-Loire 5 361
34%
1846 La Charité-sur-Loire 4 947
34%
1876 La Charité-sur-Loire 5 086
34%
1911 La Charité-sur-Loire 5 120
34%
1806 Châtillon-sur-Seine 3 900
33%
1846 Châtillon-sur-Seine 4 997
33%
1999 Chevigny-Saint-Sauveur 10 141
33%
2023 Chevigny-Saint-Sauveur 11 108
33%
1806 Auxonne 4 839
31%
1846 Auxonne 5 538
31%
1876 Auxonne 6 532
31%
1911 Auxonne 6 303
31%
1968 Varennes-Vauzelles 8 025
31%
1999 Varennes-Vauzelles 10 211
31%
2023 Varennes-Vauzelles 9 146
31%
1999 Longvic 9 017
29%
2023 Longvic 8 896
29%
1968 Migennes 7 645
29%
1911 Blanzy 4 943
17%
1911 Saint-Vallier 7 021
16%
1936 Saint-Vallier 8 061
16%
1968 Saint-Vallier 10 370
16%
1999 Saint-Vallier 9 541
16%
1806 Villeneuve-sur-Yonne 5 007
12%
1846 Villeneuve-sur-Yonne 5 357
12%
1876 Fourchambault 5 884
10%
1936 La Machine 5 526
9%
1936 Sanvignes-les-Mines 5 910
9%
1911 Épinac 4 973
0%
Aucun quiz correspondant
Distribution des résultats
% des personnes avec chaque résultat
Percentile par nombre de réponses
Votre historique - résultats
Vous n’avez pas pris ce quiz